ARRUPE JESUIT UNIVERSITY

CORONAVIRUS -STOP THE SPREAD - CLEAN,DISINFECT,COVER

The night of the new moon. (Record no. 121418)

MARC details
000 -LEADER
fixed length control field 00810nam a2200265 4500
001 - CONTROL NUMBER
control field 2244824
003 - CONTROL NUMBER IDENTIFIER
control field ARRUPE
005 - DATE AND TIME OF LATEST TRANSACTION
control field 20141210102852.0
008 - FIXED-LENGTH DATA ELEMENTS--GENERAL INFORMATION
fixed length control field 701214s1970 enkacf 000 0aeng
010 ## - LIBRARY OF CONGRESS CONTROL NUMBER
LC control number 76522521
015 ## - NATIONAL BIBLIOGRAPHY NUMBER
National bibliography number B70-19243
020 ## - INTERNATIONAL STANDARD BOOK NUMBER
International Standard Book Number 0701203404
040 ## - CATALOGING SOURCE
Original cataloging agency DLC
Transcribing agency DLC
Modifying agency DLC
043 ## - GEOGRAPHIC AREA CODE
Geographic area code a-ja---
-- e-uk---
050 00 - LIBRARY OF CONGRESS CALL NUMBER
Classification number SPC D805.J4
Item number V34 1977
300 ## - PHYSICAL DESCRIPTION
Other physical details illus., ports.
Dimensions 21 cm.
100 1# - MAIN ENTRY--PERSONAL NAME
Personal name Van der Post, Laurens.
9 (RLIN) 13076
245 14 - TITLE STATEMENT
Title The night of the new moon.
260 ## - PUBLICATION, DISTRIBUTION, ETC. (IMPRINT)
Place of publication, distribution, etc Middlesex
Name of publisher, distributor, etc Penguin Books
Date of publication, distribution, etc 1977
300 ## - PHYSICAL DESCRIPTION
Extent 157 p., 6 plates.
350 ## - PRICE (NR) (BK AM CF MU VM SE) [OBSOLETE]
Price 25/-
650 #0 - SUBJECT ADDED ENTRY--TOPICAL TERM
Topical term or geographic name as entry element World War, 1939-1945
General subdivision Prisoners and prisons, Japanese.
9 (RLIN) 13159
650 #0 - SUBJECT ADDED ENTRY--TOPICAL TERM
Topical term or geographic name as entry element World War, 1939-1945
General subdivision Personal narratives, British.
9 (RLIN) 4428
906 ## - LOCAL DATA ELEMENT F, LDF (RLIN)
a 7
b cbc
c orignew
d 3
e ncip
f 19
g y-gencatlg
942 ## - ADDED ENTRY ELEMENTS (KOHA)
Source of classification or shelving scheme Library of Congress Classification
Koha item type SPC
Holdings
Withdrawn status Lost status Source of classification or shelving scheme Damaged status Not for loan Home library Current library Date acquired Total Checkouts Full call number Barcode Date last seen Price effective from Koha item type
    Library of Congress Classification     ARRUPE LIBRARY ARRUPE LIBRARY 10/12/2014   SPC D805.J4 V34 1977 46500003505 10/12/2014 10/12/2014 SPC

 

Arrupe Library. PO Box MP320 Mt Pleasant, Harare, Zimbabwe
263 242 745411|librarian@aju.ac.zw